000 00676nam a22002297a 4500
005 20260410143642.0
008 260410b |||||||| |||| 00| 0 eng d
020 _a9789354661563
040 _cAL
041 _aEnglish
082 _a004.16
_bKANM
100 _a A Nagoor Kani
_9261395
245 _aMicroprocessors and Microcontrollers
260 _aNew Delhi
_bCBS Publishers and distributors Pvt Ltd
_c2022
300 _a453 p.
_bPB
_c24x17 cm.
365 _aVBI-2645
_b₹371.25
_c
_d₹495.00
_e25%
_f20-02-2026
650 _aFor anna university
_9261396
650 _aEEE
_9261397
650 _aE&I
_9261398
650 _aICE Courses
_9261399
942 _2ddc
_cBK
999 _c241219
_d241219